000 00916nam a22002897a 4500
003 CHAP
005 20220329134958.0
008 971013s1981 r 00010 d
010 _a28981
011 _a29953
035 _a34064
040 _cCHAP
082 _a636.4089
_bL4 1981
100 0 0 _aLeman, Allen D.
_965936
245 _aDiseases of swine
260 _aAmes :
_bIowa State University,
_c1981
300 _a832 p.
_b: ilus.
500 _aEd. anteriores por Howard W. Dunne
590 _aBATCH-UPD
_b10
_c20130110
_lUCH01
_h1503
590 _aCONVERSION
_b10
_c20130109
_lUCH01
_h1317
650 1 4 _aGanado porcino
_xEnfermedades.
_945360
700 0 _aDunne, Howard W.
_934508
901 _aBK
942 _cLIBRO
949 _a636.4089 L4 1981
_bBC
_cLIBRO
_d33724000101176
_eLIBRO
_h57716
_i34064
_mDirecto
_si
949 _a636.4089 L4 1981
_bBC
_cLIBRO
_d33724000101184
_eLIBRO
_fc.2
_h57717
_i34064
_mDirecto
_si
999 _c28981
_d28981